|
|
|
|
| LEADER |
00000cac a2200000 a 4500 |
| 001 |
63743 |
| 003 |
Ucuenca |
| 005 |
20230308210349.0 |
| 008 |
990102|1981 mx |||||r|||||||||||spa|| |
| 020 |
|
|
|a 9681606604
|
| 040 |
|
|
|b spa
|
| 041 |
0 |
|
|a spa
|
| 082 |
0 |
|
|a 199
|
| 100 |
1 |
|
|9 44548
|a Miró Quesada, Francisco
|
| 245 |
|
|
|a Proyecto y realización del filosofar latinoamericano
|c Francisco Miró Quesada
|h imp
|
| 250 |
|
|
|a 1a ed.
|
| 264 |
|
|
|a México
|b Fondo de Cultura Económica
|c 1981
|
| 300 |
|
|
|a 220 páginas:
|c 21 cm
|
| 490 |
|
|
|a Tierra Firme
|
| 504 |
|
|
|a incl. ref.
|
| 650 |
|
0 |
|a Filosofía latinoamericana
|9 10385
|
| 650 |
|
|
|a Zea leopoldo
|9 49548
|
| 852 |
|
|
|a UC-CDJBV
|f Compra
|l 1
|m General
|p 19901029
|q 4,900
|r 2
|t 63743
|b 0
|d CDRC
|e CDRC
|g 199.8 PRIMER PISO
|z 1990-01-02
|
| 942 |
|
|
|c CR
|z luz.vázquez@ucuenca.edu.ec
|0 1
|
| 999 |
|
|
|c 114957
|d 114957
|